000 00329nam a22001337a 4500
008 171016b xxu||||| |||| 00| 0 eng d
020 _a9780201770278
041 _aeng
080 _26TH
_a331.101.262
100 _a52
101 _aBNJ
245 _aENVIRONMENTAL AND NATURAL RESOURCE ECONOMICS
_cTIETENBERG,T
942 _2udc
_cBK
999 _c34228
_d34228